Name the North Carolina City - Statistics

General Stats
  • This quiz has been taken 24 times
  • The average score is 7 of 9
Answer Stats
Picture Answer % Correct
Asheville
100%
Charlotte
100%
Raleigh
100%
Durham
94%
Greensboro
82%
Wilmington
82%
Winston-Salem
82%
Chimney Rock
47%
Concord
29%
No matching quizzes found
Score Distribution
Percent of People with Each Score
Percentile by Number Answered
Your Score History
You have not taken this quiz